00444nam a2200145Ia 4500100001500000650001500015942000700030654004400037245004600081260002100127082001500148546001200163999001700175952010600192 aAnvoner S  aCarpentery cBK aSolution Of Problm In Theory Of Machine aSolustion Of Problem In Theory Of Machine bSir Isaac Pitman a621.8bAnv aENGLISH c23461d23461 001040708AFTaCRCEbCRCEc1516 | 46d2023-03-17l0o621.8 AnvpAFT3831r2023-03-17w2023-03-17yBK